00398nam a2200157Ia 4500003000400000005001700004008004000021040000700061041001200068082001700080100001800097245007400115250000600189260003700195300000800232OSt20230508121259.0210210b1991 xxu||||| |||| 00| 0 eng d cAL aEnglish a491.465 TALK aTALMAKI (S S) aKonkani proverbs and idioms with riddles, lullabies and nursery songs a2 aBombaybPopular Book Depotc1991 a128